| 000 | 00919nam a2200277 i 4500 | ||
|---|---|---|---|
| 999 |
_c22285 _d22285 |
||
| 001 | 4105757 | ||
| 003 | BDDh-ASL | ||
| 005 | 20231015030118.0 | ||
| 008 | 750527s1974 ii b 001 0 eng | ||
| 010 | _a 74903923 | ||
| 020 | _cRs30.00 | ||
| 040 |
_aDLC _cDLC _dDLC _dBDDh-ASL |
||
| 043 |
_aa-cc--- _aa-ii--- |
||
| 050 | 0 | 0 |
_aDS450.C5 _bG86 |
| 082 | 0 | 0 |
_a327.5405 _bKAH |
| 100 | 1 | _aGupta, Karunakar. | |
| 245 | 1 | 4 |
_aThe hidden history of the Sino-Indian frontier / _cKarunakar Gupta. |
| 260 |
_aCalcutta : _bMinerva Associates (Publications), _c1974. |
||
| 300 |
_axiii, 176 p. : _bmap. ; _c23 cm. |
||
| 500 | _aAppendices (p. [163]-173): Maxwell, N. India's China war. -- Woodman, D. Himalayan frontier. | ||
| 500 | _aIncludes index. | ||
| 651 | 0 |
_aIndia _xForeign relations _zChina. |
|
| 651 | 0 |
_aChina _xForeign relations _zIndia. |
|
| 906 |
_a7 _bcbc _corignew _d4 _encip _f19 _gy-gencatlg |
||
| 942 |
_2ddc _cBK |
||